| 000 | 00000nam##2200000za#4500 |
| 001 | 9.615366 |
| 003 | CaOODSP |
| 005 | 20210615101109 |
| 007 | ta |
| 008 | 150406|2000||||xxc||||| f|0| 0 eng|d |
| 020 | |a0-662-29521-8 |
| 040 | |aCaOODSP|beng |
| 043 | |an-cn--- |
| 086 | 1 |aCC173-3/1-119E |
| 110 | 2 |aCanadian Nuclear Safety Commission. |
| 245 | 10|aPolicy on human factors |
| 260 | |aOttawa - Ontario : |bCanadian Nuclear Safety Commission |c2000. |
| 300 | |a2p. ; |c28 cm. |
| 490 | 1 |aRegulatory policy |vP-119(E) |
| 500 | |a"The purpose of this regulatory policy is to assure that the Canadian Nuclear Safety Commission (CNSC) takes human factors issues into account in its regulatory activities."--Purpose. |
| 520 | 3 |aThe purpose of this regulatory policy is to assure that the Canadian Nuclear Safety Commission (CNSC) takes human factors issues into account in its regulatory activities.--Purpose |
| 563 | |aSoftcover |
| 590 | |a00-45|b2000-11-10 |
| 690 | 07|aNuclear energy|2gcpds |
| 690 | 07|aSafety regulations|2gcpds |
| 776 | 0#|tPolicy on human factors |w(CaOODSP)9.571385 |
| 830 | #0|aRegulatory policy ;|vP-119(E)|w(CaOODSP)9.514450 |